[Event "RUS-ch sf 58th"]
[Site "Kazan"]
[Date "2005.09.03"]
[Round "1"]
[White "Bareev, Evgeny"]
[Black "Yakovich, Yuri"]
[Result "1-0"]
[WhiteElo "2688"]
[BlackElo "2560"]
[Annotator "Ribli,Z"]
[PlyCount "51"]
[EventDate "2005.09.03"]
[EventType "swiss"]
[EventRounds "9"]
[EventCountry "RUS"]
[SourceTitle "CBM 109"]
[Source "ChessBase"]
[SourceDate "2005.11.14"]
[SourceVersion "1"]
[SourceVersionDate "2005.11.14"]
[SourceQuality "1"]

1. c4 e5 2. g3 Nf6 3. Bg2 d5 4. cxd5 Nxd5 5. Nc3 Nb6 6. Nf3 Nc6 7. O-O Be7 8.
a3 O-O 9. b4 {Die Spielweise mit 8.a3 und 9.b4 ist heutzutage sehr populär.
Wir haben eigentlich eine Stellung der Drachenvariante der Sizilianische
Verteidigung erreicht, aber mit vertauschten Farben (und mit Tempovorteil für
Weiß).} Be6 10. Rb1 f6 11. d3 {Bareev spielt gern diese Variante mit Weiß.} a5
(11... Nd4 12. Be3 Nxf3+ 13. Bxf3 c6 14. Bc5 Nd5 15. Nxd5 cxd5 16. Qb3 {
1/2-1/2 Timman,J-Bareev,E/Ubeda 1997 (25)}) 12. b5 Nd4 13. Nd2 Qc8 {[%cal
Ge6h3,Gh3g2] Schwarz verteidigt den b7-Bauern und möchte den starken g2-Läufer
mit 14...Bh3 tauschen. Meiner Meinung nach bietet die Alternative 13...Bd5
bessere Ausgleichchancen.} (13... Nd5 $4 14. Bxd5 Bxd5 15. e3 {[%csl Rd4,Rd5]}
Nf5 (15... Ne6 16. e4 $18) 16. e4 $18) (13... Bd5 14. Nxd5 (14. Nde4 Bf7 15. e3
Ne6 16. f4 f5 17. Nf2 exf4 18. gxf4 Rb8 19. Kh1 c5 {1/2-1/2 Aronian,
L-Khalifman,A/Sochi 2005/(28)}) 14... Nxd5 15. Bb2 a4 16. Bxd4 exd4 $10 17.
Bxd5+ (17. Qc2 $5 Kh8 $5 18. Nc4 Re8 19. Rfe1 Bc5 20. Na5 Rxa5 21. Qxc5 Nc3 22.
Bxb7 {1/2-1/2 Marin,M-Lima,D/Calvia olm 2004/ (39)}) 17... Qxd5 18. Nc4 f5 19.
Qc1 f4 20. Nd2 Kh8 21. Qc4 Qd7 {0-1 Bagri,J-Tukmakov,V/Geneve 2005/CBM 105 ext
(32)}) 14. e3 (14. Re1 Bh3 15. Bh1 Bg4 $11) 14... Nf5 15. Qe2 $146 {[%mdl 4]
Weiß entwickelt die Dame und bereitet f2-f4 vor.} (15. Qc2 Rd8 16. Rd1 Kh8 (
16... a4 17. Nce4 Qd7 18. Nc5 Bxc5 19. Qxc5 Nd6 20. Bf1 Nd5 21. e4 b6 22. Qc2
Ne7 23. d4 {1-0 Georgiev,K-Gurevich,M/Niksic 1996/EXT 2000 (44)}) 17. a4 Nd5
18. Nxd5 Bxd5 19. Bxd5 Rxd5 20. Bb2 Bb4 21. Nf3 Qd7 22. e4 Rc5 23. Qe2 Nd4 {
1/2-1/2 Marin,M-Komljenovic,D/Benasque 2005/(36)}) 15... a4 (15... Rd8 16. f4
$14) 16. Bb2 Nd6 {[%csl Gd6] Der Nd6 kontrolliert den b5-Bauern und verteidigt
den b7-Bauern.} 17. f4 (17. Nde4 Nf7 18. f4 Qd7 $11 (18... Bh3 19. Bxh3 Qxh3
20. f5)) 17... exf4 $6 (17... Qd7 $5 {[%cal Ga8d8,Gd8d3]} 18. fxe5 (18. Ba1
Rad8) 18... fxe5 19. Qh5 Nf7) 18. Rxf4 $14 {[%csl Gf4] Es gibt Schwächen auf
beiden Seiten, aber die weißen Figuren (besonders der f4R und der g2B) stehen
aktiv und der Bauer auf b5 sichert Raumvorteil.} (18. gxf4 Bh3 $11 (18... Ra5))
18... c6 $6 {Auf diese Weise befreit sich Schwarz vom b5-Bauern, aber nun wird
sein Damenflügel angreifbar.} (18... Ra5 19. Nf3 Nxb5 (19... Bg4 20. Bc1 $14)
20. Nxb5 Rxb5 21. Nd4 $36) (18... f5 $5 {[%cal Ge7f6,Gf6b2]}) 19. bxc6 bxc6 20.
Nf3 {[%cal Gf3d4]} c5 21. Nd2 {[%csl Gg2][%cal Gg2a8]} Ra7 (21... Rb8 22. Nxa4
Nxa4 23. Rxa4 Ba2 24. Ra1 Rxb2 25. Rxa2 Rxa2 26. Bd5+ $16) 22. Ba1 {[%csl Ga1,
Gg2] Weiß hat noch keine konkreten Gewinnaussichten, aber er besitzt das
Läuferpaar auf den großen Diagonalen und seine Türme stehen ebenfalls aktiv.}
Qa6 23. e4 Bd8 $4 {[%mdl 8192] Schwarz möchte den Springer auf b6 sichern und
die 7. Reihe für den Turm öffnen, jedoch verliert der Textzug sofort.} (23...
c4 24. d4 $14) (23... Nf7 24. Nd5 $14) 24. e5 $18 Ne8 (24... fxe5 25. Qxe5 $18
{[%csl Rd6,Re6]}) (24... Nf7 25. exf6 $18) (24... Nf5 25. exf6 Rxf6 26. Nce4
$18) 25. exf6 {[%cal Re2e6]} Nd7 26. Rxa4 (26. Rxa4 Ba5 27. Rxa5 Qxa5 28. Qxe6+
$18) 1-0

[Event "Cuernavaca Young Masters"]
[Site "Cuernavaca"]
[Date "2006.02.10"]
[Round "8"]
[White "Leon Hoyos, Manuel"]
[Black "Bruzon Batista, Lazaro"]
[Result "0-1"]
[WhiteElo "2428"]
[BlackElo "2650"]
[Annotator "Ribli,Z"]
[PlyCount "68"]
[EventDate "2006.02.03"]
[EventType "tourn"]
[EventRounds "9"]
[EventCountry "MEX"]
[EventCategory "16"]
[SourceTitle "CBM 112"]
[Source "ChessBase"]
[SourceDate "2006.06.07"]
[SourceVersion "1"]
[SourceVersionDate "2006.06.07"]
[SourceQuality "1"]

1. Nf3 d5 2. g3 Nc6 3. Bg2 e5 4. d3 {Weiß spielt - mit Tempoplus - die
Pirc-Verteidigung. Jedoch erscheint mir diese ganze Spielweise wenig
ambitioniert.} Nf6 5. O-O Be7 6. c4 O-O 7. cxd5 Nxd5 8. Nc3 Nb6 {Mit
ungewöhnlicher Zugumstellung haben wir eine bekannte Stellung der Englische
Eröffnung erreicht.} 9. Be3 Bg4 10. a4 {Nach meiner Meinung wäre es besser für
Weiß diesen Zug nicht spielen, da nun der b4-Punkt schwach wird.} a5 (10... a6
$5 11. a5 (11. Nd2 $142) 11... Nd7 $5 12. Nd2 Rb8 $1 13. Nc4 $6 Nd4 $1 14. h3
Be6 15. Nd5 Bc5 16. Bxd4 Bxd4 17. e3 Ba7 18. Qc2 c6 19. Nc3 Qe7 $15 {0-1
Barlov,D-Lautier,J/Santa Cruz de la Palma 2000/(50)}) 11. Rc1 Re8 12. h3 (12.
Nb5 Bf8 13. Nd2 Rc8 14. Re1 Nd5 15. Bc5 Bxc5 16. Rxc5 Ncb4 17. Ne4 Qe7 18. Rc1
Red8 19. h3 Bh5 20. Qb3 c6 {1-0 Markowski,T-Drei,A/Reykjavik 2000/CBM 75 ext 
(28)}) (12. Nd2 Rb8 13. Nb5 Bb4 14. Bxc6 (14. Rxc6 $1 bxc6 15. Na7 Bd7 16. Nxc6
Bxc6 17. Bxc6 Re6 18. Qc2 $44) 14... bxc6 15. Na7 Bh3 16. Nxc6 Qd5 {1/2-1/2
Korchnoi,V-Petursson,M/Lugano 1989/(42)}) 12... Bf5 {Mit dieser Fortsetzung
möchte Schwarz 13.Ne4 verhindern.} (12... Bh5 13. Nd2 (13. g4 Bg6 14. Nd2)) (
12... Be6 13. Kh2 (13. Ne4) 13... Nd5 14. Bd2 Ndb4 15. Nb5 Na2 16. Ra1 Nab4 17.
Rc1 Na2 18. Ra1 Nab4 19. Rc1 Na2 20. Ra1 {1/2-1/2 Privakov,Y-Rakhmangulov,A/
Alushta 2003/EXT 2005 (20)}) 13. Nd2 {[%cal Gd2b3,Gb3c5,Gg2a8] Eine
gewöhnliche Spielweise mit Weiß: er öffnet die Diagonale des g2-Läufers und
führt den Springer zum Damenflügel.} Be6 14. Nb3 Nd5 (14... Nd4 $5) 15. Bc5 (
15. Nc5 $2 Nxe3 16. Nxe6 Nxd1 17. Nxd8 Nxc3 $19) 15... Nxc3 16. Rxc3 Bd5 {
[%cal Gd5g2] Schwarz muss den starken Läufer auf der großen Diagonalen
neutralisieren.} 17. Bxe7 Rxe7 18. Nc5 Bxg2 19. Kxg2 Nb4 $15 {[%csl Gb4][%mdl
32] Schwarz hat eine bequeme Stellung, sein Springer steht ausgezeichnet auf
b4.} 20. Ne4 (20. Nxb7 $4 Qd5+ $19) 20... b6 (20... f5 21. Qb3+ Kh8 22. Ng5 Qf8
$15) 21. Rc4 c5 {[%csl Yd4] Schwarz hat Raumvorteil, das d4-Feld ist eine
ewige Schwächung in der weißen Stellung. Anderseits ist die weiße Stellung
sicher, was die Realisierung eines Gewinnplans schwierig gestaltet.} 22. Nc3
Raa7 {[%cal Ga7d7,Gd8d1]} 23. Qc1 Rad7 24. Qg5 $6 h6 25. Qh5 Rd4 26. Rc1 (26.
Nb5 Rxc4 27. dxc4 Qd2 $15) 26... Re6 (26... Rxc4 $2 27. dxc4 $11 Qd2 $2 28. Rd1
Qc2 (28... Qxb2 29. Rd8+ $18) 29. Rd8+ Kh7 30. Rd6 $16) 27. Nb5 Rd7 28. Nc3 Nc6
29. Qh4 (29. Nb5 Nd4 30. Nc3 (30. Nxd4 exd4 $17)) 29... Qe8 $17 {[%csl Yd4]
[%cal Gd7d1,Ge8e1] Schwarz besitzt einen positionellen Druck auf den zentrale
Linien. Dagegen sind die weißen Figuren schlecht koordiniert.} 30. Qe4 Rd4 $1 {
[%csl Re4]} 31. Qe3 (31. Rxd4 $2 exd4 $19) (31. Qf3 e4 32. Nxe4 Ne5 $19) (31.
Qf5 g6 32. Qf3 e4 $19) {[#]} 31... e4 $1 {[%csl Re3][%cal Ge8e2][%mdl 64]} 32.
Nxe4 (32. Qd2 exd3 (32... e3 33. fxe3 Rxe3) 33. exd3 Qa8 34. Kg1 (34. f3 Ne5
$19) 34... Ne5) 32... f5 $19 {[%csl Re3,Re4][%cal Re8e3]} 33. Rxd4 Nxd4 34.
Nf6+ gxf6 0-1

[Event "RUS-ch Superfinal"]
[Site "Moscow"]
[Date "2005.12.30"]
[Round "11"]
[White "Morozevich, Alexander"]
[Black "Motylev, Alexander"]
[Result "1-0"]
[WhiteElo "2707"]
[BlackElo "2632"]
[Annotator "Ribli,Z"]
[PlyCount "65"]
[EventDate "2005.12.19"]
[EventType "tourn"]
[EventRounds "11"]
[EventCountry "RUS"]
[EventCategory "17"]
[SourceTitle "CBM 111"]
[Source "ChessBase"]
[SourceDate "2006.04.04"]
[SourceVersion "1"]
[SourceVersionDate "2006.04.04"]
[SourceQuality "1"]

1. c4 Nf6 2. Nc3 e5 3. Nf3 Nc6 4. d3 {Dieser Zug ist ein seltener Gast in der
Turnierpraxis.} d5 5. cxd5 Nxd5 6. g3 Nb6 7. Bg2 Be7 8. O-O O-O 9. a3 {Statt
d2-d3 spielt Weiß gewöhnlich b2-b4.} a5 (9... Re8 $5) 10. Be3 Re8 (10... Be6 $5
) 11. Rc1 h6 (11... Bf8 12. Na4 Nd5 13. Bc5 Bxc5 14. Rxc5 Nb6 15. Nd2 Bd7 16.
Nxb6 cxb6 17. Rc1 Rc8 18. Re1 Be6 19. Qa4 {0-1 Balster,S-Timman,J/Essen 1994/
CBM 43 ext (51) +/= Ribli}) (11... Bg4 12. Re1 (12. Na4 Nd5 13. Bc5 Bf6 14. h3
Be6 15. Qc2 Qd7 16. Kh2 g6 17. Rfd1 b6 18. e4 Nde7 19. d4 {1-0 Allahverdiev,
A-Gadjily,R/Baku 1996/EXT 2000 (22)}) 12... Bf8 13. Na4 (13. Nd2 $5) 13... Nxa4
14. Qxa4 Bd7 $2 (14... Qc8 $5 $14) (14... Bc8 $142) 15. Qb3 $1 $16 {1-0 Suba,
M-Mestel,A/Beersheba 1984/MCL/[ChessBase] (38)}) 12. Bxb6 cxb6 13. Nd2 {
[%cal Gd2c4,Gc4b6][%mdl 32] Der Springer zielt auf das c4-Feld, wonach er den
b6-Bauern kontrollieren kann.} Bf8 (13... Bg4 14. Nc4 Bc5) 14. Nc4 a4 $6 (14...
Bg4 $142) 15. Nd2 {[%csl Ra4] Der Springer kommt zurück, jetzt ist der a4P das
Ziel des weißen Spiels.} (15. Nxa4 $2 b5 16. Ncb6 (16. Nab6 Rb8 17. Nxc8 bxc4
$19) 16... Ra6 17. Nxc8 bxa4 $19) 15... Nd4 $6 {Dieser scheinbar aktive Zug
hilft dem Gegner.} (15... b5 16. Nxb5 Bg4 (16... Qb6 17. Nc3 Qxb2 (17... Be6 $5
) 18. Nc4 Qb3 19. Qd2 {[%csl Rb3][%cal Rc1b1,Rb1b3]} Na5 20. Nxa5 Rxa5 21. Rb1
Qxa3 (21... Qe6 22. Nb5 $18) 22. Nb5 Rxb5 23. Rxb5 $18) 17. Nc3 (17. Nc4 Nd4)
17... Nd4 18. Re1 Qd7 $44 {Ich bin nicht sicher, ob Schwarz genügende
Kompensation für den Bauern besitzt, aber er verfügt über ein aktives
Figurenspiel.}) 16. e3 Ne6 17. Nxa4 b5 (17... Qxd3 $2 18. Nxb6) 18. Nc3 Qxd3 (
18... Nc5 19. Nxb5 Nxd3 20. Rc2) (18... b4 19. axb4 Qxd3 20. Nd5) 19. Nd5 {
[%csl Rd3,Gd5][%cal Rg2e4,Re4d3] Der d5N steht gut und es droht jetzt 20.Be4
mit Damenfang.} Qg6 20. Qe2 Rd8 (20... Bd7 21. Nf3 f6 22. Nb6 Rad8 23. Nh4 Qf7
24. Nxd7 $18) 21. Qxb5 $16 Bd7 {Mit diesem weiterem Bauernopfer möchte Schwarz
das Spiel kompliziert gestalten.} (21... Ng5 22. h4 $1) 22. Qxb7 Rab8 23. Qa7
Ng5 (23... Rxb2 24. Nc4 Ra2 25. Nxe5 $18) 24. h4 $1 Nh3+ 25. Kh2 {[%csl Rh3]}
Rxb2 26. Qc7 Rbb8 27. Nc4 {[%mdl 2048]} Rbc8 28. Qxe5 $18 Re8 29. Qb2 Qh5 30.
Ncb6 Rxc1 31. Nxd7 $5 {[%cal Rd7f6,Rf6g8,Rf6h5,Rd5f6]} (31. Rxc1) 31... Qxd5
32. Bxd5 Rxf1 33. Kxh3 1-0

[Event "Cannes Generations"]
[Site "Cannes"]
[Date "1998.??.??"]
[Round "5"]
[White "Taimanov, Mark E"]
[Black "Bacrot, Etienne"]
[Result "0-1"]
[WhiteElo "2490"]
[BlackElo "2565"]
[Annotator "Ribli,Z"]
[PlyCount "126"]
[EventDate "1998.02.21"]
[EventType "schev"]
[EventRounds "8"]
[EventCountry "FRA"]
[SourceTitle "CBM 065"]
[Source "ChessBase"]
[SourceDate "1998.08.06"]
[SourceVersion "1"]
[SourceVersionDate "1998.08.06"]
[SourceQuality "1"]

1. c4 e5 2. Nc3 Nf6 3. Nf3 Nc6 4. g3 g6 {Eine der Lieblingswaffen des jungen
französischen Großmeisters. Die Alternativen (4...d5 und 4...Bb4) werden
häufiger gespielt. Ribli.} 5. Bg2 Bg7 6. O-O O-O 7. d4 exd4 (7... d6 {Dieser
Zug führt zur sogenannten Uhlmann-Variante der Königsindische Verteidigung.})
8. Nxd4 Re8 9. Nc2 (9. e3 $5 Nxd4 (9... Ne5 $6 10. b3 d6 11. h3 h5 $5 12. Bb2
c6 13. Qc2 a5 14. Rad1 Qc7 15. Ba3 {+/= Stangl,M-Bacrot,E/Balatonbereny 1996})
10. exd4 d6 11. Bf4 Rb8 (11... c6 12. h3 $14) 12. c5 Nh5 13. Be3 dxc5 14. dxc5
Qxd1 15. Rfxd1 Bxc3 16. bxc3 b6 17. Bc6 Rf8 18. Bf3 Ng7 19. a4 {1-0 Kortschnoj,
V-Fontaine,R/Cannes mT 1996 (41)}) 9... d6 10. h3 {Ein Sicherungszug, der 11.
Be3 vorbereiten soll. Nach meiner Meinung ist dieser Plan recht langsam.} (10.
e4 Nd7 $5 $146 11. Qd2 a6 12. b3 Rb8 13. Bb2 b5 14. Ne3 $13 {Korchnoi,V-Bacrot,
E/Linz 1997/1-0 (52)}) (10. Bg5 h6 11. Bd2 Ne5 12. b3 c6 13. Rc1 Qe7 14. h3 Kh7
15. Nd4 Ned7 16. Qc2 Nc5 17. Rcd1 Nh5 18. Bc1 f5 19. e3 Nf6 20. Ba3 Bd7 21.
Nde2 Rad8 22. Na4 Nxa4 23. bxa4 c5 24. Bb2 Bc6 25. Bxf6 Bxf6 26. Nf4 {Chernin,
A-Votava,J/Erevan olm 1996/1-0 (69)}) (10. b3 Bf5 11. Rb1 (11. Bb2 Ne4 $15)
11... a5 12. Re1 Ne4 13. Nxe4 Bxe4 14. Bxe4 Rxe4 $11) (10. Ne3 $5) 10... a5 (
10... Be6 11. Ne3 Qd7 12. Kh2 Ne7 13. Ned5 Kh8 14. Bh6 Neg8 15. Bxg7+ Kxg7 16.
Qd4 c5 17. Qd3 Bxd5 18. Bxd5 Rab8 19. Rad1 a6 20. Bg2 {1-0 O'Kelly de Galway,
A-Clarke,P/Hastings5657 1956 (35)}) 11. Be3 Bf5 {[%csl Ye4] Schwarz übt starke
Kontrolle über das wichtige Zentrumsfeld e4 aus.} 12. Nd4 Be4 (12... Nxd4 13.
Bxd4 c6 $11) (12... Ne4 $6 13. Nxf5 Nxc3 (13... gxf5 $14) 14. bxc3 gxf5 15. Rb1
$14 {Es gibt Schwächen in beider Spieler Lager, aber die weißen Figuren stehen
aktiver.}) 13. Nxe4 (13. Nxc6 Bxc6 (13... bxc6) 14. Bxc6 bxc6 $11) 13... Nxe4
14. Nxc6 bxc6 15. Bd4 Rb8 {[%csl Gb8][%cal Gb8b2] Theoretisch ist die
Bauernstruktur besser für Weiß, aber Schwarze entfaltet gutes Spiel über die
halboffene b-Linie.} 16. Bxg7 Kxg7 17. Qc2 (17. Qd4+ Qf6 18. Qxf6+ Kxf6 $11 (
18... Nxf6 19. Bxc6 Rxe2 20. b3 $11)) 17... f5 {[%csl Ge4] Die große Aktivität
des Schwarzen gleicht die Schwächen in seiner Bauernstruktur aus.} 18. e3 Qf6
19. Rab1 (19. b3) 19... h5 20. h4 g5 $13 21. hxg5 Qxg5 {Schwarz hat Initiative
am Königsflügel.} 22. Rfd1 Kh6 {Der schwarze König findet auf h6 einen ruhigen
Platz.} 23. Rd4 Re7 (23... c5 $6 24. Rd5 $14 {[%cal Gd5g5]}) 24. Bxe4 $6 (24.
Rbd1 $5) 24... fxe4 {[%csl Rg1]} 25. Kg2 (25. Rxe4 $2 Qg6 {[%csl Re4][%cal
Rg6c2]} 26. f3 Qxg3+ $17) 25... Qf5 {[%csl Ge4,Gf5,Rg2]} 26. Rh1 Qf3+ 27. Kg1
Rg8 $36 {Schwarz hat eine Druckstellung gegen den weißen König.} 28. Rh3 {
Früher oder später droht Schwarz das Turmopfer auf g3, gegen das sich Weiß mit
diesem Zug verteidigt. Allerdings steht der weiße Turm auf h3 natürlich sehr
passiv.} Rf7 29. Rd2 Rg5 $15 {[%csl Ge4,Gf3,Gf7,Rg1,Gg5]} 30. Qd1 Qf5 {
Natürlich darf Schwarz nicht die Damen tauschen.} 31. Rh4 Qe5 32. Rh2 Rf3 {
[%csl Ge4,Ge5,Gf3,Rg1,Gg5] Noch droht das Opfer auf g3 nicht, aber nach
Vorbereitung kann Schwarz mit ...h5-h4 kommen, um den weißen Turm von g3
abzulenken und die Opferidee so zu verwirklichen.} 33. Qe1 Rg4 34. Kh1 {
Prophylaxe gegen ...h5-h4.} Qf5 35. Rd1 Kg6 $1 {Der schwarze König steht am
Königsflügel unsicher und macht sich auf den Weg in sicherere Gefilde.} 36. Qe2
Kf7 37. Rg1 Ke6 38. b3 Qe5 {[%csl Ge5][%cal Ge5a1]} 39. Qd2 Qf6 $2 40. Rgg2 $2
{Der letzte Zug vor der Zeitkontrolle. es sei angemerkt, daß die weißen Türme
auf g2 und h2 denkbar passiv stehen.} (40. Qxa5 $5 Rxf2 41. Rxf2 Qxf2 42. Qxh5
$14) (40. Rxh5 $2 Rxf2 $17 {[%csl Gf2,Gf6,Gg4,Rh1]}) 40... Rf5 {[%cal Gf5h5,
Gd5a5,Gf5a5]} 41. Qe2 {Jetzt droht Weiß mit 42.Qxh5 Rxh5 43.Qxg4 einen Bauern
zu gewinnen.} Rfg5 42. Rh3 Qa1+ 43. Rg1 (43. Kh2) 43... Qc3 44. Rg2 Qa1+ 45.
Rg1 Qg7 $1 {Natürlich gibt sich Schwarz mit Zugwiederholung nicht zufrieden.
Er riskiert nichts, denn seine Initiative am Königsflügel ist immer gefährlich.
} 46. Qd1 (46. Rg2 h4 $40) 46... Kd7 (46... h4 47. Rxh4 Rxh4+ 48. gxh4 Qh7 49.
Rg4 Rh5 $11 (49... Qh5 $2 50. Rxe4+ $16 {[%cal Re4e6,Rd1h5]})) 47. Rg2 (47. Kh2
Qb2 $15 {[%cal Rb2f2,Rb2a2]}) 47... h4 $1 48. gxh4 (48. Rxh4 $4 Rxh4+ 49. gxh4
Rxg2) (48. Qg1 hxg3 49. Rgxg3 Rxg3 50. Rxg3 Rh5+ 51. Kg2 Qb2 $15) 48... Rxg2
49. hxg5 Rxg5 {[%csl Gd7,Gg5,Gg7,Rh1] Die weiße Königsstellung ist unsicher,
während man sich über sein Gegenüber keine Sorgen zu machen braucht.} 50. Rh5
Rg4 (50... Rxh5+ 51. Qxh5 Qa1+ 52. Kg2 Qxa2 53. Qf5+ Kd8 54. Qf8+ $11 (54. Qxe4
Qxb3 55. Qxc6 a4 $15 {[%csl Ga4][%cal Ra4a3,Ra3a2,Ra2a1]})) 51. Qf1 Qf6 {
[%cal Rf6f3]} 52. Kh2 Kc8 53. Rh3 Kb7 {[%csl Gb7] Jetzt befindet sich der
schwarze König weit entfernt vom Geschehen in totaler Sicherheit.} 54. Rg3 Qh8+
55. Rh3 (55. Kg2 Rh4 {[%csl Rg2][%cal Rh8h2]}) 55... Qe5+ 56. Kh1 (56. Rg3 Rh4+
57. Kg2 (57. Kg1 Qh5 (57... Qh8 $19 {[%cal Gh8a1,Rh8h1]}) 58. Qg2 Qd1+ 59. Qf1
Rh1+ $19) 57... Qb2 $17 {[%csl Gb2,Gg2,Gh4]}) 56... Qb2 {[%csl Gb2]} 57. Rh2 $5
Qf6 {[%cal Rf6f3,Rf3h1] Schwarz droht 58...Qf3+ 59.Rg2 Rh3+ 60.Kg1 Qh5 mit
Mattangriff zu spielen.} (57... Qxa2 $4 $18 58. f3 {[%cal Rh2a2,Rf3g4]}) 58.
Qd1 Rg6 $22 $17 59. a3 {Weiß befindet sich im Zugzwang, da hilft auch der
Bauernzug nicht.} (59. Qe2 Qa1+ $19) (59. Rg2 Rh6+ 60. Kg1 Qh8 $19 {[%cal
Rh8h1]}) 59... Kc8 $22 60. Rg2 $2 (60. b4 axb4 61. axb4 Qc3 $17) 60... Rh6+ 61.
Kg1 Qh8 $19 {[%cal Rh8h1] und um den weißen König spinnt sich ein Mattnetz.}
62. Qg4+ Kb7 63. f4 exf3 {Weiß gab in verlorener Stellung auf.} (63... exf3 64.
Qxf3 Qa1+ 65. Kf2 (65. Qf1 Rh1+ 66. Kxh1 Qxf1+ $19) 65... Rf6 $19 {[%cal Rf6f2]
}) 0-1

[Event "RUS-ch Superfinal"]
[Site "Moscow"]
[Date "2005.12.21"]
[Round "3"]
[White "Tomashevsky, Evgeny"]
[Black "Svidler, Peter"]
[Result "0-1"]
[WhiteElo "2564"]
[BlackElo "2740"]
[Annotator "Ribli,Z"]
[PlyCount "66"]
[EventDate "2005.12.19"]
[EventType "tourn"]
[EventRounds "11"]
[EventCountry "RUS"]
[EventCategory "17"]
[SourceTitle "CBM 111"]
[Source "ChessBase"]
[SourceDate "2006.04.04"]
[SourceVersion "1"]
[SourceVersionDate "2006.04.04"]
[SourceQuality "1"]

1. c4 e5 2. Nc3 Nf6 3. Nf3 Nc6 4. g3 Nd4 {Dieser Springerzug ist ebenso gut,
wie die populären Alternativen 4...Bb4 und 4...d5.} 5. Bg2 Nxf3+ 6. Bxf3 Bb4 7.
Qb3 Bc5 $5 8. d3 (8. O-O O-O (8... c6 9. e3 O-O 10. Rd1 d5 11. cxd5 cxd5 12.
Nxd5 Be6 13. Nxf6+ Qxf6 14. Bd5 Rad8 15. Bxe6 fxe6 16. Rf1 {0-1 Bareev,
E-Svidler,P/Monte Carlo 2005/CBM 105 ext (33)}) 9. d3 h6 (9... c6) 10. Bd2 Re8
11. Bg2 c6 $5 {Ein Schlüsselzug in dieser Variante. Schwarz schränkt die
Beweglichkeit des Läufers g2 ein.} 12. Rac1 Bb6 13. Qa4 d6 14. b4 Be6 $11 {
. 0-1 Gelfand,B-Svidler,P/Dos Hermanas 1999/CBM 71/[Ribli] (77)}) 8... c6 (8...
h6 $6 9. h4 $5 (9. g4 c6 10. h4 Qb6 (10... d5 11. g5 hxg5 12. hxg5 Rxh1+ 13.
Bxh1 Ng4 14. cxd5 $1 Bxf2+ 15. Kd1 Bb6 16. Kc2 Bd7 17. dxc6 bxc6 (17... Bxc6)
18. Bd2 {1-0 Gulko,B-Hector,J/Kobenhavn 2000/ (31)}) 11. Qxb6 Bxb6 12. g5 hxg5
13. hxg5 Rxh1+ 14. Bxh1 Nh7 15. f4 d6 16. Ne4 Bc7 17. fxe5 dxe5 18. b4 {
1-0 Van der Sterren,P-Balcerak,J/Germany 2000/CBM 82 ext (45)}) 9... Nh7 $2 10.
Ne4 $1 Be7 11. Qb5 c5 $6 12. Be3 a6 13. Qa4 Qc7 14. Nc3 $16 {1-0 Piket,
J-Avrukh,B/Amsterdam 82/23 2001/[Piket,Je] (39)}) 9. O-O (9. g4 d6 $5 10. g5
Nd7 $5 (10... Ng8 11. Na4 (11. Ne4 Bb6 (11... Ne7) 12. Qa3 Bc7 13. c5 dxc5 14.
Qxc5 Ne7 15. Bd2 Be6 16. Qa3 b6 17. Rc1 Bd5 {1-0 Zvjaginsev,V-Svidler,P/Moscow
2001/(44)}) 11... Ne7 $6 (11... Qa5+ $142) 12. Nxc5 dxc5 13. Be4 $1 O-O 14. h4
Nf5 15. Qc3 {0-1 Vallejo Pons,F-Gelfand,B/Pamplona 1999/CBM 75/41)}) 11. Ne4
O-O 12. Rg1 Bb6 13. Be3 Bxe3 14. fxe3 f5 15. gxf6 Nxf6 16. O-O-O Kh8 17. d4 Qe7
{1/2-1/2 Aronian,L-Gelfand,B/Saint Vincent 2005/(24)}) 9... O-O 10. Bg5 Be7 $1
{Ein starker Verteidigungszug: der Läufer geht zurück und verteidigt sich
gegen das Motiv Ne4.} (10... h6 11. Bxf6 Qxf6 12. Ne4 Qe7 13. Nxc5 Qxc5 14. Qc3
a5 15. a3 (15. Rfc1 $5) 15... a4 16. Rfc1 Qe7 17. c5 d5 18. cxd6 Qxd6 19. Qb4
Qc7 20. Rc5 Be6 21. Rac1 Rfd8 22. Rb5 {1-0 Timman,J-Hector,J/Sigeman&Co 2005/
CBM107[Ribli](61)}) 11. Rfd1 $6 (11. Qc2 $5 {[%cal Yb2b4] Dieser Zug scheint
mir logischer, als die Partiefortsetzung, da Weiß eventuell nach 11...h6 12.
Bxf6 Bxf6 - 13.b4 ziehen kann.}) 11... d6 12. Rac1 h6 13. Bd2 (13. Bxf6 Bxf6
14. e3 Qc7 15. d4 exd4 16. exd4 Bh3) 13... Qc7 14. Bg2 Bf5 15. Qa4 (15. e4 Bd7)
15... Qd7 16. b4 a6 {[%cal Gb7b5][%mdl 32]} 17. Qb3 b5 $1 18. a4 Be6 {[%cal
Ge6b3]} 19. Qb2 $6 (19. Ne4 $1 $11) 19... d5 $1 $15 {[%csl Gd5,Ge5] Schwarz
besitzt eine starke Zentrumstellung, mit besseren Gewinnaussichten.} 20. cxd5
cxd5 21. axb5 axb5 22. Ra1 (22. e3 {[%cal Gc3e2]}) 22... Rfc8 23. Rdc1 Bh3 24.
Bh1 (24. Bxh3 $2 Qxh3 25. f3 $17) 24... Rxa1 25. Rxa1 d4 $1 26. Ne4 Nd5 {
[%csl Rb4,Yc3][%cal Gd5b4,Gd5c3]} 27. Qa3 (27. Bf3 Bg4 $15) 27... Qc7 {[%cal
Gc8c1] Schwarz kontrolliert die c-Linie und provoziert den nachfolgenden
Fehler.} 28. Rc1 $2 $138 {[#]} Bxb4 $1 $19 {[%mdl 64] Mit dieser kleiner
Kombination gewinnt Schwarz einen Schlüsselbauern und die Partie.} 29. Qb2 (29.
Rxc7 Bxa3 30. Rxc8+ (30. Rb7 Nc3) 30... Bxc8 31. Nd6 Bxd6 32. Bxd5) 29... Qe7
30. Nf6+ (30. Rxc8+ Bxc8 31. Bxb4 Qxb4 32. Qxb4 Nxb4 33. Nd6 Bd7 $19) 30...
gxf6 (30... Qxf6 31. Rxc8+ Bxc8 32. Bxd5 Bxd2 33. Qxd2 Qa6 $19) 31. Rxc8+ Bxc8
32. Bxd5 Bxd2 33. Qxd2 Qc5 0-1